| 000 | 01981nam a22002777a 4500 | ||
|---|---|---|---|
| 003 | OSt | ||
| 005 | 20250521163737.0 | ||
| 008 | 200127s2014 sp |||jr|||| 000 fdspa d | ||
| 020 | _a9788415433989 | ||
| 040 |
_aCO-JMCR _cCO-JMCR |
||
| 041 | 1 |
_aspa _heng |
|
| 082 |
_aJ-N _bFALa |
||
| 100 | 1 |
_aFalls, Kat, _eautora _950 |
|
| 245 | 1 | 0 |
_aAguas turbulentas / _cKat Falls ; traducción de Cristina García-Altozano |
| 250 | _aPrimera edición | ||
| 260 |
_aMadrid : _bPámies, _c2014 |
||
| 300 |
_a301 páginas ; _c23 cm. |
||
| 500 | _a | ||
| 520 | _aUna cadena de terremotos ha sacudido la tierra y regiones enteras han quedado sumergidas bajo el agua. Los humanos viven ahora hacinados en ciudades. Los únicos que poseen un espacio propio son los habitantes del lecho marino, los Abisales. También los Sobs, que viven en municipios -grandes ciudades- naves que surcan los mares-, y se dedican al comercio y al contrabando. Ty siempre ha sabido que el océano es un lugar peligroso. Cada vez que se aventura fuera de los límites de la granja submarina de sus padres está preparado para hacer frente a toda clase de depredadores marinos: tiburones, calamares gigantes, orcas asesinas... Pero para lo que no está preparado es para encontrarse con un municipio encadenado a un avión hundido, con todos sus habitantes condenados a una tumba en el fondo del mar, y a que sus padres sean secuestrados por un grupo de Sobs cuando iban a vender su cosecha de algas. Ahora, en una lucha desesperada contra el reloj para salvar la vida de sus progenitores, y con la ayuda de su amiga Gemma, deberá enfrentarse a políticos corruptos, criminales, los salvajes Sobs y alguna de las criaturas más mortíferas del océano. | ||
| 546 | _aTraducido del inglés | ||
| 650 | 1 | 4 |
_aNovela juvenil _9182 |
| 650 | 1 | 4 |
_aColonias submarinas _xnovela juvenil _9187 |
| 650 | 1 | 4 |
_aForajidos _xnovela ficción _9183 |
| 700 |
_aGarcía-Altozano, Cristina, _etraductora _951 |
||
| 942 |
_2ddc _cBK |
||
| 999 |
_c6403 _d6403 |
||